000 00934nam a2200265 c 4500
003 BLK
005 20180420222711.0
008 180408b bul|||||r ||||||| ||bul||
010 _aKNG00061619000
040 _aBLK
041 _aBUL
_cBUL
080 _aБългарска литература
_b821.163.2
_x.09
_z821.163.2.09
100 1 _aСтанчев, Красимир
_eпърви автор
_9287734
139 _aСтанчев, Красимир
_bС70К
245 1 0 _aПоетика на старобългарската литература
_bОсновни принципи и проблеми : Изследване
_cКрасимир Станчев.
257 _aBGR
260 София
_bНаука и изкуство
_c1982
300 _a200 с.
_c20 см
380 _a80
852 _aЦб 114619
856 4 _qpdf
_u
856 4 _qpdf
_u
942 _cKNG
_n0
944 _aCR
_c13.06.2004
_kЧиталня
944 _aED
_c28.09.2015
_k
999 _c57613
_d57613